000 00347nam a2200157Ia 4500
003 OSt
005 20231120090833.0
008 170524s9999 xx 000 0 und d
020 _a9780071077972
040 _cIIMT UNIVERSITY
100 _aGOYAL D P
100 _c2011
245 0 _aENTERPRISE REOURCE PLANING
260 _aTMH
942 _2ddc
_c02
999 _c2937
_d2937